[Event "CAN-ch U14"]
[Site "Quebec"]
[Date "2018.07.04"]
[Round "6.41"]
[White "Cloutier, Simon"]
[Black "Grandmont, Mathias"]
[Result "1-0"]
[WhiteElo "1366"]
[BlackElo "1560"]
[PlyCount "53"]
[EventDate "2018.07.02"]
[EventType "swiss"]
[EventRounds "7"]
[EventCountry "CAN"]
[SourceTitle "EXT 2022"]
[Source "ChessBase"]
[SourceDate "2021.10.06"]
[SourceVersion "1"]
[SourceVersionDate "2021.10.06"]
[SourceQuality "1"]

1. e4 c5 2. Nf3 d6 3. d4 cxd4 4. Nxd4 Nf6 5. Nc3 a6 6. Be2 e5 7. Nb3 Be7 8. 0-0 0-0 9. Be3 Nc6 10. f3 Be6 11. Nd5 Bxd5 12. exd5 Na5 13. Qd2 Nxb3 14. axb3 Rc8 15. c4 Nd7 16. Bd3 f5 17. b4 e4 18. fxe4 fxe4 19. Be2 Bf6 20. Bd4 Bxd4+ 21. Qxd4 Qb6 22. Qxb6 Rxf1+ 23. Rxf1 Nxb6 24. b3 Nd7 25. Bg4 Rd8 26. Be6+ Kh8 27. Bxd7 1-0

[Event "CAN-ch U12"]
[Site "Windsor"]
[Date "2016.07.05"]
[Round "1.50"]
[White "Vettese, Nicholas"]
[Black "Cloutier, Simon"]
[Result "1-0"]
[WhiteElo "2271"]
[BlackElo "1167"]
[PlyCount "35"]
[EventDate "2016.07.05"]
[EventType "swiss"]
[EventRounds "7"]
[EventCountry "CAN"]
[SourceTitle "EXT 2022"]
[Source "ChessBase"]
[SourceDate "2021.10.06"]
[SourceVersion "1"]
[SourceVersionDate "2021.10.06"]
[SourceQuality "1"]

1. e4 e5 2. Nf3 Nc6 3. Bc4 Bc5 4. c3 Nf6 5. d3 d6 6. Bb3 Bg4 7. h3 Bh5 8. Nbd2 b5 9. 0-0 0-0 10. Re1 Qd7 11. Nf1 Ne8 12. Ng3 Bxf3 13. Qxf3 Nf6 14. Nf5 Ne7 15. Nh6+ Kh8 16. Nxf7+ Rxf7 17. Bxf7 g6 18. Qxf6# 1-0